Sudden Death: Colors in Joseph's Coat - Statistics

General Stats
  • This quiz has been taken 66 times
  • The average score is 8 of 19
Answers on the Grid
Answers color-coded by a green-red scale on the quiz's grid according to % correct below.
Purple
Coal
Green
Brown
Lime
Cerulean
Ochre
Peach
Azure
Olive
Umber
Fawn
Lilac
Gold
Denim
Mauve
Rose
Russet
Storm
Berry
Red
Yellow
Tan
Ivory
Lemon
Violet
Cream
Silver
Asher
Puce
Blood
Hazel
 
Answer Stats
Answer % Correct
Red
74%
Yellow
68%
Brown
63%
Green
63%
Peach
47%
Violet
47%
Gold
42%
Lemon
37%
Mauve
37%
Purple
37%
Silver
37%
Azure
32%
Cream
32%
Fawn
32%
Lilac
32%
Ochre
32%
Olive
32%
Rose
32%
Russet
32%
No matching quizzes found
Score Distribution
Percent of People with Each Score
Percentile by Number Answered
Your Score History
You have not taken this quiz